[Event "Sparkassen-Open A"]
[Site "Heusenstamm, Martinsee"]
[Date "2016.11.27"]
[Round "7.35"]
[White "Rosenberger, Frank"]
[Black "Rettig, Helge"]
[Result "1/2-1/2"]
[WhiteElo "2104"]
[BlackElo "2004"]
[PlyCount "38"]
[EventDate "2016.??.??"]
[WhiteTeam "SK Gernsheim"]
[BlackTeam "SF Verl"]

1. e4 c6 2. d4 d5 3. exd5 cxd5 4. Bd3 Nc6 5. c3 Qc7 6. Ne2 Bg4 7. f3 Bd7 8. O-O
e6 9. Bf4 Bd6 10. Bxd6 Qxd6 11. f4 Nge7 12. Ng3 O-O-O 13. b4 Kb8 14. Nd2 h6 15.
Nb3 Rc8 16. b5 Nd8 17. Qd2 Rg8 18. Nc5 Rxc5 19. dxc5 Qxc5+ 1/2-1/2

[Event "Sparkassen-Open A"]
[Site "Heusenstamm, Martinsee"]
[Date "2016.11.27"]
[Round "7.36"]
[White "Karimi, Farhad"]
[Black "Jordake, Michael"]
[Result "1-0"]
[WhiteElo "2096"]
[BlackElo "1802"]
[PlyCount "39"]
[EventDate "2016.??.??"]
[WhiteTeam "Satranç Club"]
[BlackTeam "SC Bergen-Enkheim"]

1. d4 Nf6 2. c4 e5 3. dxe5 Ng4 4. Nf3 Nc6 5. e3 Bb4+ 6. Nc3 Bxc3+ 7. bxc3 Ngxe5
8. c5 O-O 9. Be2 Qf6 10. Bb2 b6 11. cxb6 axb6 12. O-O Ra5 13. Nd4 Ng6 14. c4
Nxd4 15. Bxd4 Qd8 16. Bc3 Ra7 17. Qd4 f6 18. c5 Ba6 19. Bxa6 Rxa6 20. Qc4+ 1-0

[Event "Sparkassen-Open A"]
[Site "Heusenstamm, Martinsee"]
[Date "2016.11.27"]
[Round "7.37"]
[White "Bethke, Robert"]
[Black "Clitan, Zaharia"]
[Result "0-1"]
[WhiteElo "1887"]
[BlackElo "2083"]
[PlyCount "52"]
[EventDate "2016.??.??"]
[WhiteTeam "SC Gelnhausen"]
[BlackTeam "SC Flörsheim"]

1. c4 c5 2. Nc3 Nf6 3. Nf3 d5 4. cxd5 Nxd5 5. d3 Nc6 6. g3 e5 7. Bg2 Nc7 8. O-O
Be7 9. b3 O-O 10. Bb2 Rb8 11. Rc1 f6 12. Nd2 Nd4 13. Nce4 b6 14. Bxd4 exd4 15.
f4 Nd5 16. Rf2 Ne3 17. Qe1 f5 18. Ng5 Bxg5 19. fxg5 Qxg5 20. Nc4 Nxg2 21. Rxg2
Bb7 22. Rf2 f4 23. Nd6 Ba8 24. Nb5 fxg3 25. hxg3 Qxg3+ 26. Kf1 Qg2# 0-1

[Event "Sparkassen-Open A"]
[Site "Heusenstamm, Martinsee"]
[Date "2016.11.27"]
[Round "7.38"]
[White "Neukirchner, Pascal"]
[Black "Hohlbein, Michael"]
[Result "0-1"]
[WhiteElo "2026"]
[BlackElo "2076"]
[PlyCount "58"]
[EventDate "2016.??.??"]
[WhiteTeam "SK Gründau"]
[BlackTeam "SK Marmstorf"]

1. d4 Nf6 2. c4 c5 3. d5 e5 4. Nc3 d6 5. e4 Nbd7 6. f3 Be7 7. Be3 a6 8. a4 O-O
9. Qd2 Rb8 10. Nge2 Ne8 11. Ng3 g6 12. Bd3 Ng7 13. Bh6 Kh8 14. O-O Nf6 15. f4
Ng4 16. Bxg7+ Kxg7 17. h3 exf4 18. Nge2 Ne5 19. Nxf4 Bg5 20. Nce2 Bxf4 21. Rxf4
Qg5 22. Raf1 Kg8 23. h4 Qe7 24. Ng3 Bd7 25. b3 b5 26. axb5 axb5 27. h5 bxc4 28.
bxc4 Rb3 29. R1f3 Qg5 0-1

[Event "Sparkassen-Open A"]
[Site "Heusenstamm, Martinsee"]
[Date "2016.11.27"]
[Round "7.39"]
[White "Mährlein, Christoph"]
[Black "Khudovekov, Maxim"]
[Result "0-1"]
[WhiteElo "2074"]
[BlackElo "1908"]
[PlyCount "61"]
[EventDate "2016.??.??"]
[WhiteTeam "SC Pforzheim"]
[BlackTeam "SK Smolensk"]

1. c4 f5 2. d4 Nf6 3. g3 g6 4. Bg2 Bg7 5. Nc3 O-O 6. Nf3 d6 7. O-O c6 8. Qd3
Na6 9. a3 Qe8 10. e4 e5 11. dxe5 dxe5 12. Nh4 Nc5 13. Qc2 f4 14. gxf4 exf4 15.
Bxf4 Nfxe4 16. Bg3 Nxg3 17. hxg3 g5 18. Rae1 Qh5 19. Bf3 Rxf3 20. Nxf3 Qxf3 21.
Re8+ Bf8 22. Re3 Qf7 23. Re5 Bh3 24. Rxg5+ Kh8 25. Qd1 Bxf1 26. Qxf1 Ne6 27.
Re5 Nd4 28. Re4 Nf3+ 29. Kg2 Nd2 30. Qd3 Nxe4 31. Nxe4 0-1

[Event "Sparkassen-Open A"]
[Site "Heusenstamm, Martinsee"]
[Date "2016.11.27"]
[Round "7.40"]
[White "Wanie, Karsten"]
[Black "Will, Jens"]
[Result "1/2-1/2"]
[WhiteElo "2145"]
[BlackElo "2011"]
[PlyCount "26"]
[EventDate "2016.??.??"]
[WhiteTeam "SC Matt im Park"]
[BlackTeam "SK Gernsheim"]

1. d4 Nf6 2. c4 g6 3. Nc3 d5 4. Nf3 Bg7 5. Bg5 dxc4 6. e4 Bg4 7. Bxc4 O-O 8. e5
Nfd7 9. h3 Bxf3 10. gxf3 c5 11. dxc5 Nxe5 12. Qxd8 Rxd8 13. Be2 Nbc6 1/2-1/2

[Event "Sparkassen-Open A"]
[Site "Heusenstamm, Martinsee"]
[Date "2016.11.27"]
[Round "7.41"]
[White "Kolker, Vladislav"]
[Black "Tornay Gomez, Josu"]
[Result "1/2-1/2"]
[WhiteElo "2007"]
[BlackElo "2121"]
[PlyCount "30"]
[EventDate "2016.??.??"]
[WhiteTeam "SC Bad Nauheim"]
[BlackTeam "SC Herborn"]

1. e4 c5 2. Nf3 g6 3. d4 cxd4 4. Nxd4 Nc6 5. Nc3 Bg7 6. Be3 Nf6 7. Bc4 Qa5 8.
O-O O-O 9. Bb3 d6 10. h3 Bd7 11. f4 Qh5 12. Qxh5 Nxh5 13. Rad1 Rfe8 14. g4 Nf6
15. Nf3 Be6 1/2-1/2

[Event "Sparkassen-Open A"]
[Site "Heusenstamm, Martinsee"]
[Date "2016.11.27"]
[Round "7.42"]
[White "Huschens, Matthias"]
[Black "Chandler, Patrick"]
[Result "0-1"]
[WhiteElo "1950"]
[BlackElo "2107"]
[PlyCount "176"]
[EventDate "2016.??.??"]
[WhiteTeam "SG Kaiserslautern"]
[BlackTeam "SC Nied"]

1. d4 Nf6 2. Nf3 b6 3. Bf4 Bb7 4. e3 e6 5. h3 Be7 6. Bd3 d6 7. O-O Nbd7 8. Bh2
O-O 9. Nbd2 c5 10. c3 a6 11. a4 Re8 12. Qe2 Nf8 13. Rfc1 Ng6 14. b4 Bf8 15.
bxc5 bxc5 16. Rcb1 Bc8 17. Nc4 Nd5 18. Qb2 cxd4 19. cxd4 a5 20. Be4 Ba6 21.
Nfd2 Rc8 22. Bxd5 exd5 23. Na3 Ne7 24. Qb6 Bd3 25. Qxd8 Rexd8 26. Rb6 Rc3 27.
Nb5 Rc2 28. Nb3 Rb2 29. Nxa5 Ra8 30. Nc7 Rxb6 31. Nxa8 Ra6 32. Nb7 Rxa8 33.
Bxd6 Nc6 34. Bxf8 Kxf8 35. Nc5 Bc4 36. Rb1 g6 37. g4 Nd8 38. Rb6 Ke7 39. Kg2
Ra7 40. g5 Ne6 41. Nxe6 fxe6 42. Kg3 Rxa4 43. Rb7+ Kd6 44. Rxh7 e5 45. dxe5+
Kxe5 46. Re7+ Kd6 47. Rb7 Bd3 48. f3 Ra1 49. h4 Bf5 50. Kf4 Rh1 51. Rh7 Ke6 52.
e4 dxe4 53. fxe4 Rf1+ 54. Ke3 Re1+ 55. Kd2 Rxe4 56. h5 gxh5 57. Rxh5 Rg4 58.
Ke3 Bg6 59. Rh6 Kf5 60. Rh8 Re4+ 61. Kf3 Re5 62. Rh4 Rd5 63. Rf4+ Kxg5 64. Rf8
Rd3+ 65. Ke2 Ra3 66. Kd2 Bf5 67. Rh8 Kf4 68. Rh4+ Ke5 69. Rb4 Be4 70. Rb5+ Kd4
71. Rb4+ Kd5 72. Kc1 Ra2 73. Rb2 Ra4 74. Rd2+ Kc4 75. Rh2 Kc3 76. Rc2+ Kd3 77.
Rd2+ Ke3 78. Rh2 Rb4 79. Rh3+ Kd4 80. Ra3 Bd3 81. Kd2 Rb2+ 82. Kc1 Rc2+ 83. Kd1
Ke3 84. Ra1 Rc3 85. Ra2 Bc4 86. Ra1 Bb3+ 87. Ke1 Rc2 88. Rb1 Ba2 0-1

[Event "Sparkassen-Open A"]
[Site "Heusenstamm, Martinsee"]
[Date "2016.11.27"]
[Round "7.43"]
[White "Karsay, Pascal"]
[Black "Niebergall, Gerhard"]
[Result "1-0"]
[WhiteElo "2099"]
[BlackElo "2001"]
[PlyCount "65"]
[EventDate "2016.??.??"]
[WhiteTeam "Vorw.Orient Mainz"]
[BlackTeam "SC Heitersheim"]

1. e4 c5 2. Nf3 g6 3. c4 Nc6 4. d4 cxd4 5. Nxd4 Nf6 6. Nc3 Nxd4 7. Qxd4 d6 8.
Nd5 Bg7 9. Be3 O-O 10. Nxf6+ Bxf6 11. Qd2 Be6 12. Bd3 Rc8 13. Rc1 b5 14. cxb5
Rxc1+ 15. Qxc1 Qa5+ 16. Qd2 Qxa2 17. O-O Rc8 18. Rc1 Bxb2 19. Rxc8+ Bxc8 20.
Qc2 Qa1+ 21. Bf1 Bd7 22. Qc7 Bxb5 23. Qb8+ Kg7 24. Qxb5 a5 25. g3 a4 26. Kg2 a3
27. Bc4 e6 28. Qb7 Kf6 29. h4 Bc1 30. Bg5+ Bxg5 31. hxg5+ Kxg5 32. Qxf7 e5 33.
f4+ 1-0

[Event "Sparkassen-Open A"]
[Site "Heusenstamm, Martinsee"]
[Date "2016.11.27"]
[Round "7.44"]
[White "Poghosyan, Tigran"]
[Black "Seifert, Norbert"]
[Result "1-0"]
[WhiteElo "2080"]
[BlackElo "1961"]
[PlyCount "67"]
[EventDate "2016.??.??"]
[WhiteTeam "Lübecker SV"]
[BlackTeam "vereinslos"]

1. e4 c5 2. Nf3 Nc6 3. d4 cxd4 4. Nxd4 Nf6 5. Nc3 e6 6. Ndb5 Bb4 7. a3 Bxc3+ 8.
Nxc3 d5 9. exd5 exd5 10. Bd3 O-O 11. O-O Bg4 12. f3 Bh5 13. Bg5 Bg6 14. Bxg6
hxg6 15. Bxf6 Qxf6 16. Qxd5 Rad8 17. Qc4 Rd2 18. Ne4 Qd4+ 19. Qxd4 Rxd4 20.
Rad1 Rfd8 21. Nc3 Rd2 22. Rxd2 Rxd2 23. Rf2 Rd7 24. Kf1 Ne5 25. b3 g5 26. Ke1
f5 27. Rd2 Re7 28. Kf2 Nc6 29. Rd5 g6 30. Rd6 Kf7 31. Nd5 Re5 32. Ne3 Re7 33.
Nc4 Rc7 34. Ke2 1-0

[Event "Sparkassen-Open A"]
[Site "Heusenstamm, Martinsee"]
[Date "2016.11.27"]
[Round "7.45"]
[White "Blübaum, Johanna"]
[Black "Pfeffer, Marko"]
[Result "1-0"]
[WhiteElo "1974"]
[BlackElo "2071"]
[PlyCount "154"]
[EventDate "2016.??.??"]
[WhiteTeam "SV Königsspringer Lemgo"]
[BlackTeam "SC Bergen-Enkheim"]

1. d4 Nf6 2. c4 Nc6 3. Nf3 e6 4. a3 d6 5. Nc3 Be7 6. e4 O-O 7. Be2 h6 8. h3 a5
9. b3 e5 10. d5 Nb8 11. Be3 b6 12. Nd2 Na6 13. O-O Nh7 14. Bg4 f5 15. Bxf5 Bxf5
16. exf5 Rxf5 17. Qg4 Rf7 18. Bxh6 Nf6 19. Qg6 Nc5 20. Rae1 Ncd7 21. Be3 Nf8
22. Qd3 N8h7 23. f4 Nd7 24. Nce4 Qf8 25. Ng5 Bxg5 26. fxg5 Rxf1+ 27. Rxf1 Qe7
28. h4 Rf8 29. b4 axb4 30. axb4 Rxf1+ 31. Qxf1 Qe8 32. Qf5 Ndf8 33. g4 Qa4 34.
g6 Nf6 35. g5 Qd1+ 36. Nf1 Qh5 37. Bf2 Nxg6 38. Qc8+ Ne8 39. Qxe8+ Kh7 40. Qd7
Nf4 41. Bg3 Ne2+ 42. Kg2 Nd4 43. Kh3 Nf3 44. Qf5+ g6 45. Qf7+ Kh8 46. Qf6+ Kh7
47. Qf7+ Kh8 48. Qf8+ Kh7 49. Qh6+ Qxh6 50. gxh6 Kxh6 51. Kg4 Nd4 52. Be1 Nf5
53. Bd2+ Kg7 54. Bg5 Nd4 55. Ne3 b5 56. c5 dxc5 57. bxc5 b4 58. Nc4 Kf7 59.
Nxe5+ Ke8 60. Bc1 b3 61. Nxg6 Nc2 62. Kg5 Ne3 63. h5 Kf7 64. h6 Kg8 65. Ne7+
Kh7 66. d6 cxd6 67. cxd6 Nc4 68. d7 Nd6 69. Kf6 b2 70. Bxb2 Nb7 71. Bc1 Nd8 72.
Nf5 Nc6 73. Ke6 Nd8+ 74. Ke7 Nc6+ 75. Ke8 Kg6 76. Nd4 Nxd4 77. d8=Q Nf5 1-0

[Event "Sparkassen-Open A"]
[Site "Heusenstamm, Martinsee"]
[Date "2016.11.27"]
[Round "7.46"]
[White "Flach, Erich"]
[Black "Rutsatz, Mario"]
[Result "1-0"]
[WhiteElo "2062"]
[BlackElo "1956"]
[PlyCount "75"]
[EventDate "2016.??.??"]
[WhiteTeam "SK Langen"]
[BlackTeam "SF Frankfurt"]

1. c4 e5 2. g3 Nf6 3. Bg2 Nc6 4. a3 d5 5. cxd5 Nxd5 6. Nc3 Be6 7. d3 Qd7 8. Nf3
f6 9. O-O Nb6 10. Be3 O-O-O 11. Rc1 Kb8 12. Ne4 Bh3 13. Bc5 Bxg2 14. Kxg2 h5
15. Bxf8 Rhxf8 16. Nc5 Qd5 17. Qb3 Qxb3 18. Nxb3 Nd4 19. Nbxd4 exd4 20. Rc5
Rfe8 21. Re1 Na4 22. Rc2 Rd7 23. Rc4 b5 24. Rxd4 Rxd4 25. Nxd4 a6 26. b3 Nc3
27. b4 Kb7 28. Kf3 g5 29. e4 Kb6 30. Rc1 Rd8 31. Ke3 Rxd4 32. Rxc3 Rd6 33. d4
a5 34. bxa5+ Kb7 35. Rc5 c6 36. d5 cxd5 37. Rxb5+ Ka6 38. Rb6+ 1-0

[Event "Sparkassen-Open A"]
[Site "Heusenstamm, Martinsee"]
[Date "2016.11.27"]
[Round "7.47"]
[White "Sanati, Charlotte"]
[Black "Marzahn, Heiko"]
[Result "0-1"]
[WhiteElo "1961"]
[BlackElo "2059"]
[PlyCount "72"]
[EventDate "2016.??.??"]
[WhiteTeam "SG Trier"]
[BlackTeam "Sfr. Erbach"]

1. d4 f5 2. Bg5 g6 3. Nc3 Bg7 4. h4 Nh6 5. Qd2 Nf7 6. Bf4 e6 7. O-O-O d6 8. f3
c6 9. e4 e5 10. Be3 b5 11. exf5 gxf5 12. dxe5 dxe5 13. Qe1 Qf6 14. Nh3 O-O 15.
Ng5 a5 16. f4 a4 17. Bc5 Re8 18. g3 Na6 19. Qe3 Nxc5 20. Qxc5 a3 21. Nxf7 axb2+
22. Kb1 Qxf7 23. a3 e4 24. Kxb2 Be6 25. Ra1 Qf6 26. Be2 Reb8 27. Rhb1 b4 28.
axb4 Rxa1 29. Rxa1 Qxc3+ 30. Qxc3 Rxb4+ 31. Kc1 Bxc3 32. Ra8+ Kg7 33. Ra7+ Kf6
34. Ra6 Bd5 35. Ra8 e3 36. Bd3 Bf3 0-1

[Event "Sparkassen-Open A"]
[Site "Heusenstamm, Martinsee"]
[Date "2016.11.27"]
[Round "7.48"]
[White "Rolf, Marco"]
[Black "Junker, Christian"]
[Result "1/2-1/2"]
[WhiteElo "2055"]
[BlackElo "1954"]
[PlyCount "41"]
[EventDate "2016.??.??"]
[WhiteTeam "SK Bad Homburg"]
[BlackTeam "SV Neu-Isenburg"]

1. d4 f5 2. Nc3 d5 3. Bg5 g6 4. h4 h6 5. Bf4 Bg7 6. e3 c6 7. Nf3 Nd7 8. Bd3
Ngf6 9. h5 g5 10. Be5 Nxe5 11. Nxe5 O-O 12. Qe2 Ne4 13. Bxe4 fxe4 14. Ng6 Rf7
15. O-O-O Bf5 16. f3 exf3 17. gxf3 Qd6 18. e4 Bxg6 19. hxg6 Qxg6 20. exd5 Rc8
21. Qe4 1/2-1/2

[Event "Sparkassen-Open A"]
[Site "Heusenstamm, Martinsee"]
[Date "2016.11.27"]
[Round "7.49"]
[White "Bogucanin, Mirsad"]
[Black "Cichy, Michael"]
[Result "1/2-1/2"]
[WhiteElo "1923"]
[BlackElo "2053"]
[PlyCount "51"]
[EventDate "2016.??.??"]
[WhiteTeam "VSG Offenbach"]
[BlackTeam "SC BS Gliesmarode"]

1. Nf3 Nf6 2. d4 e6 3. c4 Bb4+ 4. Bd2 a5 5. a3 Bxd2+ 6. Nbxd2 d6 7. e3 Nbd7 8.
Be2 O-O 9. O-O Re8 10. Qc2 c5 11. Rfd1 Qc7 12. Rac1 Nf8 13. Ne4 Nxe4 14. Qxe4
Bd7 15. dxc5 dxc5 16. Ne5 Ba4 17. Rd3 Red8 18. Rcc3 f6 19. Nf3 Rxd3 20. Qxd3
Rd8 21. Qb1 b6 22. Rd3 Rxd3 23. Qxd3 Qd7 24. Nd2 Qxd3 25. Bxd3 Kf7 26. b3
1/2-1/2

[Event "Sparkassen-Open A"]
[Site "Heusenstamm, Martinsee"]
[Date "2016.11.27"]
[Round "7.50"]
[White "Schlößner, Henrik"]
[Black "Vangsgaard, Freja"]
[Result "1-0"]
[WhiteElo "2050"]
[BlackElo "1948"]
[PlyCount "73"]
[EventDate "2016.??.??"]
[WhiteTeam "SK Gründau"]
[BlackTeam "Vejlby-Risskov"]

1. e4 c6 2. d4 d5 3. e5 Bf5 4. Nc3 e6 5. g4 Bg6 6. Nge2 h6 7. Be3 Nd7 8. Bg2
Ne7 9. h4 h5 10. Nf4 hxg4 11. Nxg6 Nxg6 12. h5 Ne7 13. Qxg4 Nf5 14. O-O-O Qa5
15. Bg5 Bb4 16. Nb1 Qxa2 17. Bf1 Nb6 18. c3 Be7 19. Bd3 Bxg5+ 20. Qxg5 Nc4 21.
Bxc4 Qxc4 22. Qg4 Kd7 23. Kc2 Qa4+ 24. Kc1 b5 25. Rh3 Rab8 26. Rf3 Rhg8 27.
Rxf5 exf5 28. Qxf5+ Kc7 29. Qxf7+ Kb6 30. Qe7 b4 31. cxb4 Ka6 32. Rd3 Qxb4 33.
Ra3+ Qxa3 34. Nxa3 Rb6 35. f4 Rgb8 36. Nc2 R8b7 37. Qa3+ 1-0

[Event "Sparkassen-Open A"]
[Site "Heusenstamm, Martinsee"]
[Date "2016.11.27"]
[Round "7.51"]
[White "Seickel, Ralf"]
[Black "Musiolik, David"]
[Result "0-1"]
[WhiteElo "2047"]
[BlackElo "1874"]
[PlyCount "64"]
[EventDate "2016.??.??"]
[WhiteTeam "vereinslos"]
[BlackTeam "SC Ramstein"]

1. c4 e6 2. g3 Nf6 3. Bg2 d5 4. Nf3 Be7 5. O-O O-O 6. b3 c5 7. Bb2 Nc6 8. e3
Qc7 9. d3 a6 10. Nbd2 b5 11. a3 Bb7 12. Qc2 Rfd8 13. Rac1 dxc4 14. dxc4 b4 15.
a4 h6 16. Ne5 Nxe5 17. Bxe5 Qxe5 18. Bxb7 Ra7 19. Bf3 Rad7 20. Ne4 Nxe4 21.
Qxe4 Qxe4 22. Bxe4 Rd2 23. Rc2 f5 24. Rxd2 Rxd2 25. Bb7 Rb2 26. Bxa6 Rxb3 27.
Bc8 Kf7 28. a5 Ra3 29. a6 b3 30. Rb1 Bf6 31. e4 b2 32. exf5 Ra1 0-1

[Event "Sparkassen-Open A"]
[Site "Heusenstamm, Martinsee"]
[Date "2016.11.27"]
[Round "7.52"]
[White "Held, Carsten"]
[Black "Zimmer, Gerald"]
[Result "1-0"]
[WhiteElo "2046"]
[BlackElo "1929"]
[PlyCount "81"]
[EventDate "2016.??.??"]
[WhiteTeam "SC Ladja Roßdorf"]
[BlackTeam "SC Bergen-Enkheim"]

1. Nf3 Nf6 2. c4 e6 3. g3 b6 4. Bg2 Bb7 5. O-O c5 6. d4 cxd4 7. Qxd4 Bc5 8. Qf4
Nc6 9. Nc3 Ne7 10. Nb5 O-O 11. Nd6 Bc6 12. Rd1 Ng6 13. Qd2 Qe7 14. b3 Rfd8 15.
Bb2 Ne8 16. Nxe8 Qxe8 17. h4 Bf8 18. Qc2 f6 19. e4 Rac8 20. h5 Ne7 21. h6 Qg6
22. hxg7 Bxg7 23. Nd4 Kf7 24. Qe2 e5 25. Nf3 Kg8 26. Nh4 Qf7 27. Bh3 Rc7 28.
Ba3 Nc8 29. Nf5 Bf8 30. Bxf8 Kxf8 31. Bg4 Qg6 32. Kg2 Ne7 33. f3 h5 34. Nh4 Qf7
35. Bf5 Kg7 36. Rh1 Rh8 37. Rad1 Nxf5 38. Nxf5+ Kf8 39. Qd2 Qe6 40. Rh4 Rc8 41.
Rdh1 1-0

[Event "Sparkassen-Open A"]
[Site "Heusenstamm, Martinsee"]
[Date "2016.11.27"]
[Round "7.53"]
[White "Schweizer, Manfred"]
[Black "Schimmer, Michael"]
[Result "1-0"]
[WhiteElo "2044"]
[BlackElo "1815"]
[PlyCount "49"]
[EventDate "2016.??.??"]
[WhiteTeam "Post-SV Memmingen"]
[BlackTeam "SC Frankfurt-West"]

1. g3 Nf6 2. Bg2 c5 3. e4 d6 4. Ne2 Nc6 5. d4 cxd4 6. Nxd4 Qc7 7. Nc3 a6 8. O-O
g6 9. b3 Bg7 10. Bb2 O-O 11. Qd2 Bd7 12. Rac1 Rac8 13. Nxc6 bxc6 14. Na4 c5 15.
Nc3 Qa5 16. Rcd1 Rfe8 17. Rfe1 Bc6 18. Ba1 Qd8 19. Qe2 Qa5 20. Bh3 Rcd8 21. Nd5
Bxd5 22. exd5 Qxa2 23. Bc3 a5 24. Ra1 Nxd5 25. Bxg7 1-0

[Event "Sparkassen-Open A"]
[Site "Heusenstamm, Martinsee"]
[Date "2016.11.27"]
[Round "7.54"]
[White "Pabel, Ralph"]
[Black "Hentzgen, Thomas"]
[Result "1/2-1/2"]
[WhiteElo "1927"]
[BlackElo "2042"]
[PlyCount "31"]
[EventDate "2016.??.??"]
[WhiteTeam "SK Mainaschaff"]
[BlackTeam "USV Halle"]

1. d4 Nf6 2. c4 g6 3. Nc3 Bg7 4. e4 d6 5. Be3 O-O 6. f3 Nc6 7. Nge2 a6 8. Qd2
Na5 9. Nc1 Nd7 10. Be2 c5 11. d5 Ne5 12. b3 f5 13. Bh6 Bxh6 14. Qxh6 e6 15. Qd2
f4 16. Nd1 1/2-1/2

[Event "Sparkassen-Open A"]
[Site "Heusenstamm, Martinsee"]
[Date "2016.11.27"]
[Round "7.55"]
[White "Papadopoulos, Ioannis"]
[Black "Syed, Tareq"]
[Result "1/2-1/2"]
[WhiteElo "1755"]
[BlackElo "2032"]
[PlyCount "51"]
[EventDate "2016.??.??"]
[WhiteTeam "SV Oberursel"]
[BlackTeam "SC Brett vorm Kopp"]

1. e4 d6 2. d4 Nf6 3. Nc3 e5 4. dxe5 dxe5 5. Qxd8+ Kxd8 6. Nf3 Bd6 7. Bc4 Ke8
8. Bg5 Nbd7 9. O-O-O h6 10. Bh4 a6 11. Rhe1 Kf8 12. Nd5 Nxd5 13. Bxd5 f6 14.
Ng1 Ke7 15. Ne2 c6 16. Bc4 b5 17. Bd3 g5 18. Bg3 h5 19. h3 h4 20. Bh2 Bc5 21.
Bg1 Nf8 22. f3 Bxg1 23. Rxg1 Ng6 24. Rd2 Be6 25. Kb1 Rad8 26. Rgd1 1/2-1/2

[Event "Sparkassen-Open A"]
[Site "Heusenstamm, Martinsee"]
[Date "2016.11.27"]
[Round "7.56"]
[White "Lesny, Florian"]
[Black "Kuhn, Gerhard"]
[Result "1/2-1/2"]
[WhiteElo "1889"]
[BlackElo "2030"]
[PlyCount "51"]
[EventDate "2016.??.??"]
[WhiteTeam "SK Niederbrechen"]
[BlackTeam "SK Marburg"]

1. e4 c6 2. d4 d5 3. Nc3 dxe4 4. Nxe4 Bf5 5. Ng3 Bg6 6. h4 h6 7. Nf3 Nd7 8. h5
Bh7 9. Bd3 Bxd3 10. Qxd3 e6 11. Bd2 Ngf6 12. O-O-O Qc7 13. Ne4 Nxe4 14. Qxe4
Nf6 15. Qe2 O-O-O 16. Kb1 Bd6 17. g3 Rhe8 18. Ne5 c5 19. c3 Nd5 20. Rhe1 f5 21.
Nc4 Bf8 22. Ne5 Nf6 23. Bf4 Bd6 24. dxc5 Bxe5 25. Qxe5 Qxe5 26. Bxe5 1/2-1/2

[Event "Sparkassen-Open A"]
[Site "Heusenstamm, Martinsee"]
[Date "2016.11.27"]
[Round "7.57"]
[White "Scherf, Karl-Heinrich"]
[Black "Trumpp, Lothar"]
[Result "1/2-1/2"]
[WhiteElo "1881"]
[BlackElo "2020"]
[PlyCount "35"]
[EventDate "2016.??.??"]
[WhiteTeam "SF Neuberg"]
[BlackTeam "VSG Offenbach"]

1. e4 Nc6 2. d4 e5 3. Nf3 exd4 4. Nxd4 Bc5 5. Nb3 Bb4+ 6. Nc3 Nf6 7. Be2 d6 8.
Bg5 h6 9. Bh4 g5 10. Bg3 a6 11. h4 g4 12. h5 Qd7 13. Qd2 Qe6 14. Qf4 Nd4 15.
Bd3 Nxb3 16. axb3 Bd7 17. Bc4 Qe7 18. O-O-O 1/2-1/2

[Event "Sparkassen-Open A"]
[Site "Heusenstamm, Martinsee"]
[Date "2016.11.27"]
[Round "7.59"]
[White "Chirita-Mihaila, Marius-Constant"]
[Black "Blank, Stefan"]
[Result "1-0"]
[WhiteElo "2148"]
[BlackElo "1828"]
[PlyCount "63"]
[EventDate "2016.??.??"]
[WhiteTeam "CSS 1 Timisoara"]
[BlackTeam "SC Sulzbach"]

1. c4 Nf6 2. g3 g6 3. Bg2 Bg7 4. Nc3 O-O 5. e4 d6 6. Nge2 Nbd7 7. O-O c6 8. d3
e5 9. h3 h6 10. Be3 Ne8 11. Qd2 h5 12. Bh6 f5 13. Bxg7 Kxg7 14. f4 h4 15. exf5
gxf5 16. g4 fxg4 17. hxg4 Rh8 18. g5 h3 19. Be4 exf4 20. Qxf4 Qe7 21. Ng3 Ne5
22. d4 Nf7 23. Rae1 Nxg5 24. Bxc6 Qf6 25. Qe3 h2+ 26. Kh1 Qd8 27. Bxe8 Bg4 28.
Nf5+ Bxf5 29. Rxf5 Rxe8 30. Rxg5+ Kh6 31. Re5+ Kg6 32. Qg3+ 1-0

[Event "Sparkassen-Open A"]
[Site "Heusenstamm, Martinsee"]
[Date "2016.11.27"]
[Round "7.60"]
[White "Vangsgaard, Claus"]
[Black "Benninger, Rudolf"]
[Result "1-0"]
[WhiteElo "1923"]
[BlackElo "2085"]
[PlyCount "71"]
[EventDate "2016.??.??"]
[WhiteTeam "Vejlby-Risskov"]
[BlackTeam "SC Heusenstamm"]

1. e4 g6 2. f4 Bg7 3. Nf3 c5 4. d3 Nc6 5. c3 d5 6. Qc2 e6 7. Be2 Nge7 8. O-O
O-O 9. Nbd2 Bd7 10. Re1 Rc8 11. Kh1 b5 12. Nf1 a5 13. h3 a4 14. g4 f5 15. Ng3
a3 16. Rb1 b4 17. e5 Qa5 18. Bd2 d4 19. c4 axb2 20. Qxb2 fxg4 21. hxg4 Qa8 22.
Ne4 Nd8 23. Rf1 Nf7 24. Nxc5 Rxc5 25. Bxb4 Rb8 26. Qxd4 Rxe5 27. fxe5 Bc6 28.
Kg1 Bxf3 29. Bxf3 Nc6 30. Bxc6 Qxc6 31. Qa7 Qb6+ 32. Qxb6 Rxb6 33. Bd6 Rxb1 34.
Rxb1 Nxe5 35. Bxe5 Bxe5 36. Kg2 1-0

[Event "Sparkassen-Open A"]
[Site "Heusenstamm, Martinsee"]
[Date "2016.11.27"]
[Round "7.61"]
[White "Altenbernd, Dirk"]
[Black "Werner, Dimo"]
[Result "1/2-1/2"]
[WhiteElo "1902"]
[BlackElo "2035"]
[PlyCount "34"]
[EventDate "2016.??.??"]
[WhiteTeam "SG Osnabrück"]
[BlackTeam "TSV Schott Mainz"]

1. c4 e5 2. g3 Nf6 3. Bg2 d5 4. cxd5 Nxd5 5. Nc3 Nb6 6. Nf3 Nc6 7. O-O Be7 8.
d3 O-O 9. a3 Be6 10. b4 a5 11. b5 Nd4 12. Nd2 Nd5 13. Nxd5 Bxd5 14. Bxd5 Qxd5
15. a4 Bb4 16. Rb1 Rad8 17. Nb3 Rfe8 1/2-1/2

[Event "Sparkassen-Open A"]
[Site "Heusenstamm, Martinsee"]
[Date "2016.11.27"]
[Round "7.62"]
[White "Wagner, Dirk"]
[Black "Iwanziw, Niklas"]
[Result "1/2-1/2"]
[WhiteElo "2031"]
[BlackElo "1902"]
[PlyCount "43"]
[EventDate "2016.??.??"]
[WhiteTeam "SC Matt im Park"]
[BlackTeam "SF Neuberg"]

1. d4 d5 2. c4 c6 3. Nf3 e6 4. e3 Nf6 5. Nc3 Nbd7 6. Bd3 Bd6 7. O-O O-O 8. e4
dxe4 9. Nxe4 Nxe4 10. Bxe4 h6 11. b3 e5 12. dxe5 Nxe5 13. Bb2 Nxf3+ 14. Qxf3
Qh4 15. g3 Qg4 16. Rad1 Qxf3 17. Bxf3 Bc7 18. Ba3 Rd8 19. Rxd8+ Bxd8 20. Rd1
Bf6 21. Bc5 Bf5 22. Kg2 1/2-1/2

[Event "Sparkassen-Open A"]
[Site "Heusenstamm, Martinsee"]
[Date "2016.11.27"]
[Round "7.63"]
[White "Lotz, Ralf"]
[Black "Kalepky, Helmut"]
[Result "1/2-1/2"]
[WhiteElo "1900"]
[BlackElo "2019"]
[PlyCount "78"]
[EventDate "2016.??.??"]
[WhiteTeam "SC Obertshausen"]
[BlackTeam "SF Heidesheim"]

1. d4 Nf6 2. e3 e6 3. Bd3 b6 4. f4 Bb7 5. Nf3 d5 6. Nbd2 Bd6 7. O-O c5 8. c3
Qc7 9. Bb5+ Bc6 10. Bd3 Nbd7 11. Ne5 Ne4 12. a4 Ke7 13. Qh5 g6 14. Qh4+ f6 15.
Nxc6+ Qxc6 16. c4 Kf7 17. cxd5 exd5 18. Nxe4 dxe4 19. Bc4+ Kg7 20. Bb5 Qc7 21.
Bd2 a6 22. Bxd7 Qxd7 23. Bc3 Qe7 24. Rfd1 Rad8 25. Rd2 cxd4 26. Bxd4 Bc5 27.
Rad1 Bxd4 28. Rxd4 Rxd4 29. Rxd4 Rd8 30. Rxd8 Qxd8 31. Qe1 Qd3 32. h3 a5 33.
Qc1 Qd6 34. Kf2 Qb4 35. Qc2 h5 36. g4 h4 37. Ke2 Kf7 38. Qc7+ Ke6 39. Qc6+ Kf7
1/2-1/2

[Event "Sparkassen-Open A"]
[Site "Heusenstamm, Martinsee"]
[Date "2016.11.27"]
[Round "7.65"]
[White "Paskalutsa, Vladimir"]
[Black "Martin, Reiner"]
[Result "1/2-1/2"]
[WhiteElo "1868"]
[BlackElo "2014"]
[PlyCount "116"]
[EventDate "2016.??.??"]
[WhiteTeam "SF Mainz"]
[BlackTeam "SC Bad Soden"]

1. e4 c5 2. d4 cxd4 3. Nf3 e6 4. Nxd4 Nc6 5. Nb5 d6 6. Bf4 e5 7. Be3 Nf6 8.
N5c3 Be6 9. Nd2 d5 10. exd5 Nxd5 11. Nxd5 Qxd5 12. Nb3 Rd8 13. Qxd5 Bxd5 14.
O-O-O Be7 15. f3 O-O 16. Be2 b6 17. Bb5 Nb8 18. Rhe1 Be6 19. Bd3 Bd6 20. Kb1
Nc6 21. c3 Ne7 22. g3 Nd5 23. Bc1 h6 24. Nd2 Bc7 25. Nc4 f6 26. Ne3 Nxe3 27.
Bxe3 Rxd3 28. Rxd3 Bf5 29. Red1 Rd8 30. Kc2 a6 31. c4 b5 32. cxb5 axb5 33. a3
Kf7 34. Kc3 Rxd3+ 35. Rxd3 Bxd3 36. Kxd3 Bd6 37. Bc1 Ke6 38. b3 Kd5 39. a4 bxa4
40. bxa4 h5 41. h3 f5 42. g4 hxg4 43. hxg4 g6 44. a5 Kc6 45. Kc4 Bc7 46. Bd2
Kb7 47. Kd5 e4 48. fxe4 fxg4 49. Kd4 Ka6 50. Ke3 Be5 51. Be1 Kb7 52. Bh4 Ka6
53. Bd8 Kb7 54. Bb6 Ka6 55. Kd3 Bf4 56. Kd4 g3 57. e5 g2 58. Kd5 Bxe5 1/2-1/2